Normal view MARC view

Entry Topical Term

Number of records used in: 1

001 - CONTROL NUMBER

  • control field: 23997

003 - CONTROL NUMBER IDENTIFIER

  • control field: OSt

005 - DATE AND TIME OF LATEST TRANSACTION

  • control field: 20260506162103.0

008 - FIXED-LENGTH DATA ELEMENTS

  • fixed length control field: 260506|| aca||aabn | a|a d

040 ## - CATALOGING SOURCE

  • Original cataloging agency: OSt
  • Transcribing agency: OSt

150 ## - HEADING--TOPICAL TERM

  • Topical term or geographic name entry element: 1. Black lives matter

670 ## - SOURCE DATA FOUND

  • Source citation: Work cat.: (OSt)21851: James Gitonga 23981, Racial contestations in the black lives matter movements: Ther memoir approach, 2024

Powered by Koha